000 00435nam a2200181Ia 4500
008 230524s9999 xx 000 0 und d
020 _a0070540861
082 _a621.381
_bGRO
100 _aBernand Grob
245 0 _aBasic Electronics (Grob's)
250 _a9TH
260 _aNEW DELHI
_bTMH
_c2003
300 _aXI;1060
500 _aQuantity Number: 12
650 _aElectronics
700 _a Mitchel E. Schultz
942 _cBK
999 _c4440
_d4440